000 01405 a2200277 4500
005 20160526121134.0
008 160526s2015 ck ado|| |||| 000 0 spa d
020 _a9789588770505
040 _aCO-BoUCM
_bspa
_cSaul Niño
_dSaul Niño
041 0 _aspa
100 1 _aGarcía Quiroga, Bernardo
_977429
245 1 0 _aOrientaciones didácticas para el desarrollo de competencias matemáticas
_cBernardo García Quiroga, Arnulfo Coronado, Albeiro Giraldo Ospina
260 _aFlorencia (Caquetá, Colombia)
_bUniversidades de la Amazonia
_c2015
300 _a251 páginas
_bilustraciones, gráficas, fotografías
500 _aEn pasta: ''Se pretende convertir la escuela en empresa que tiene como objeto fenal el rendimiento. Esto se convertiría en una trampa mortal para los desheredados de la tierra'' Pablo Freire
504 _aIncluye referencias bibliográficas
650 7 _919031
_aMatemáticas
_xEnseñanza secundaria
_zCaqueta, (Colombia)
650 7 _919031
_aMatemáticas
_xEducación
_zCaqueta, (Colombia)
650 7 _913832
_aEducación fundamental
_zCaqueta, (Colombia)
650 7 _913785
_aEducación basada en competencias
_zCaqueta, (Colombia)
690 0 _aTeoría de la educación
_925273
700 1 _aCoronado, Arnulfo
_977430
700 1 _aGiraldo Ospina, Albeiro
_977431
942 _cLIBRO
_2DEWEY
_a10
_e1
_h372.7 O691d
_mO691d
999 _c303433
_d303433